00462nam a2200169 a 4500001001300000003000900013005001700022008004100039020001000080082002200090100002700112245004100139260003400180500003500214505001600249700002700265nice12345678IN_TiNIC20260116011433.0050524s1900 sura grp 000 0 guj  ac10000a297.12259471bABD aAbdur Rahim, And Sadiq aQuran Majid With Gujrati Translation aSuratbSadiq Book Depotc1900 aincludes index and biblioraphy2 aArabic-Urdu1 aAbdur Rahim, And Sadiq